<?xml version="1.0" encoding="UTF-8"?>
<record
    xmlns:xsi="http://www.w3.org/2001/XMLSchema-instance"
    xsi:schemaLocation="http://www.loc.gov/MARC21/slim http://www.loc.gov/standards/marcxml/schema/MARC21slim.xsd"
    xmlns="http://www.loc.gov/MARC21/slim">

  <leader>03201nam a22005297a 4500</leader>
  <controlfield tag="005">20150124124009.0</controlfield>
  <controlfield tag="008">110804t        mx||||| |||| 00| 0 spa d</controlfield>
  <datafield tag="020" ind1=" " ind2=" ">
    <subfield code="a">9786074063523</subfield>
  </datafield>
  <datafield tag="050" ind1="0" ind2="4">
    <subfield code="a">JL1202</subfield>
    <subfield code="b">A34 2012</subfield>
  </datafield>
  <datafield tag="240" ind1=" " ind2="0">
    <subfield code="a">Leyes y c&#xF3;digos</subfield>
  </datafield>
  <datafield tag="245" ind1="0" ind2="0">
    <subfield code="a">Agenda de la administraci&#xF3;n p&#xFA;blica federal 2012</subfield>
    <subfield code="b"> : [compendio de leyes, reglamentos y otras disposiciones conexas sobre la materia]</subfield>
    <subfield code="c"> / Ediciones Fiscales Isef</subfield>
  </datafield>
  <datafield tag="246" ind1="3" ind2="3">
    <subfield code="a">Ley Org&#xE1;nica de la Administraci&#xF3;n P&#xFA;blica Federal.</subfield>
  </datafield>
  <datafield tag="246" ind1="3" ind2="3">
    <subfield code="a">Ley Federal del Procedimiento Administrativo.</subfield>
  </datafield>
  <datafield tag="246" ind1="3" ind2="3">
    <subfield code="a">Ley Federal de las Entidades Paraestatales y Reglamento.</subfield>
  </datafield>
  <datafield tag="246" ind1="3" ind2="3">
    <subfield code="a">Relaci&#xF3;n de Entidades Paraestatales de la Administraci&#xF3;n &#xB4;P&#xFA;blica Federal sujetas a la Ley Federal de las Entidades Paraestatales y su Reglamento.</subfield>
  </datafield>
  <datafield tag="246" ind1="3" ind2="3">
    <subfield code="a">Acuerdo para la Adopci&#xF3;n y Uso por la Administraci&#xF3;n P&#xFA;blica Federal de la Clave &#xDA;nica de Registro de Poblaci&#xF3;n.</subfield>
  </datafield>
  <datafield tag="246" ind1="3" ind2="3">
    <subfield code="a">Ley General de Desarrollo Social.</subfield>
  </datafield>
  <datafield tag="246" ind1="3" ind2="3">
    <subfield code="a">Ley de Expropiaci&#xF3;n.</subfield>
  </datafield>
  <datafield tag="246" ind1="3" ind2="3">
    <subfield code="a">Ley Sobre la Celebraci&#xF3;n de Tratados.</subfield>
  </datafield>
  <datafield tag="246" ind1="3" ind2="3">
    <subfield code="a">Ley sobre la Aprobaci&#xF3;n de Tratados Internacionales en Materia Econ&#xF3;mica.</subfield>
  </datafield>
  <datafield tag="246" ind1="3" ind2="3">
    <subfield code="a">Ley de Planeaci&#xF3;n.</subfield>
  </datafield>
  <datafield tag="246" ind1="3" ind2="3">
    <subfield code="a">Ley Federal de Presupuesto y Responsabilidad Hacendaria y Reglamento.</subfield>
  </datafield>
  <datafield tag="246" ind1="3" ind2="3">
    <subfield code="a">Ley General de Deuda P&#xFA;blica.Ley de Adquisiciones, Arrendamientos y Servicios del Sector P&#xFA;blico y Reglamento.</subfield>
  </datafield>
  <datafield tag="246" ind1="3" ind2="3">
    <subfield code="a">Ley de Obras P&#xFA;blicas y Servicios relacionados con las Mismas y Reglamento.</subfield>
  </datafield>
  <datafield tag="246" ind1="3" ind2="3">
    <subfield code="a">Ley del Diario Oficial de la Federaci&#xF3;n y Gacetas Gubernamentales.</subfield>
  </datafield>
  <datafield tag="246" ind1="3" ind2="3">
    <subfield code="a">Ley General de Bienes Nacionales.</subfield>
  </datafield>
  <datafield tag="246" ind1="3" ind2="3">
    <subfield code="a">Reglamento del Instituto de Administraci&#xF3;n y Aval&#xFA;os de Bienes Nacionales.</subfield>
  </datafield>
  <datafield tag="246" ind1="3" ind2="3">
    <subfield code="a">Reglamento del Registro P&#xFA;blico de la Propiedad Federal.</subfield>
  </datafield>
  <datafield tag="246" ind1="3" ind2="3">
    <subfield code="a">Ley Federal de Responsabilidades Administrativas de los Sectores P&#xFA;blicos.</subfield>
  </datafield>
  <datafield tag="246" ind1="3" ind2="3">
    <subfield code="a">Ley de Seguridad Nacional.</subfield>
  </datafield>
  <datafield tag="246" ind1="3" ind2="3">
    <subfield code="a">Ley Federal de Responsabilidad Patrimonial del Estado.</subfield>
  </datafield>
  <datafield tag="246" ind1="3" ind2="3">
    <subfield code="a">Ley de Premios, Est&#xED;mulos y Recompensas Civiles.</subfield>
  </datafield>
  <datafield tag="246" ind1="3" ind2="3">
    <subfield code="a">Acuerdo por el que se determinan los Servidores P&#xFA;blicos que deber&#xE1;n presentar Declaraci&#xF3;n de Situaci&#xF3;n Patrimonial, en adici&#xF3;n a los que se se&#xF1;alan en la Ley de la Materia.</subfield>
  </datafield>
  <datafield tag="246" ind1="3" ind2="3">
    <subfield code="a">Reglamento Interior de la Secretar&#xED;a de la Funci&#xF3;n P&#xFA;blica.</subfield>
  </datafield>
  <datafield tag="246" ind1="3" ind2="3">
    <subfield code="a">Ley del Sistema Nacional de Informaci&#xF3;n, Estad&#xED;stica y Geogr&#xE1;fica y Reglamento.</subfield>
  </datafield>
  <datafield tag="246" ind1="3" ind2="3">
    <subfield code="a">Ley Federal sobre Monumentos y Zonaz Arqueol&#xF3;gicas, Art&#xED;sticas e Hist&#xF3;ricas y Reglamento.</subfield>
  </datafield>
  <datafield tag="246" ind1="3" ind2="3">
    <subfield code="a">Ley General de Contabilidad Gubernamental.</subfield>
  </datafield>
  <datafield tag="246" ind1="3" ind2="3">
    <subfield code="a">Ley de Fiscalizaci&#xF3;n y Rendici&#xF3;n de Cuentas de la Federaci&#xF3;n</subfield>
  </datafield>
  <datafield tag="246" ind1="3" ind2="3">
    <subfield code="a">Ley Federal de Transparencia y Acceso a la Informaci&#xF3;n P&#xFA;blica Gubernamental, Reglamento y Decreto.</subfield>
  </datafield>
  <datafield tag="246" ind1="3" ind2="3">
    <subfield code="a">Ley del Servicio Profesional de Carrera en la Administraci&#xF3;n P&#xFA;blica Federal y Reglamento</subfield>
  </datafield>
  <datafield tag="250" ind1=" " ind2=" ">
    <subfield code="a">25a ed.</subfield>
  </datafield>
  <datafield tag="260" ind1=" " ind2=" ">
    <subfield code="a">M&#xE9;xico :</subfield>
    <subfield code="b">Ediciones Fiscales Isef,</subfield>
    <subfield code="c">2012</subfield>
  </datafield>
  <datafield tag="300" ind1=" " ind2=" ">
    <subfield code="a">p. v. ;</subfield>
    <subfield code="c">17 cm.</subfield>
    <subfield code="e"> + 1 anexo</subfield>
  </datafield>
  <datafield tag="650" ind1=" " ind2="7">
    <subfield code="2">LEMB</subfield>
    <subfield code="a">Administraci&#xF3;n p&#xFA;blica</subfield>
    <subfield code="x">Legislaci&#xF3;n</subfield>
    <subfield code="z">M&#xE9;xico</subfield>
  </datafield>
  <datafield tag="650" ind1=" " ind2="7">
    <subfield code="2">LEMB</subfield>
    <subfield code="a">Gobierno Federal</subfield>
    <subfield code="x">Legislaci&#xF3;n</subfield>
    <subfield code="z">M&#xE9;xico</subfield>
  </datafield>
  <datafield tag="942" ind1=" " ind2=" ">
    <subfield code="2">lcc</subfield>
    <subfield code="c">LIB</subfield>
  </datafield>
  <datafield tag="999" ind1=" " ind2=" ">
    <subfield code="c">34389</subfield>
    <subfield code="d">34389</subfield>
  </datafield>
  <datafield tag="952" ind1=" " ind2=" ">
    <subfield code="1">0</subfield>
    <subfield code="2">lcc</subfield>
    <subfield code="4">0</subfield>
    <subfield code="7">0</subfield>
    <subfield code="a">BCLC</subfield>
    <subfield code="b">BCLC</subfield>
    <subfield code="c">GENERAL</subfield>
    <subfield code="d">2012-11-07</subfield>
    <subfield code="e">PIFI 2010</subfield>
    <subfield code="k">Ciencias sociales y administrativas</subfield>
    <subfield code="o">JL1202 A34 2012</subfield>
    <subfield code="p">BCLC000001111</subfield>
    <subfield code="r">2015-01-16 00:00:00</subfield>
    <subfield code="t">1</subfield>
    <subfield code="y">LIB</subfield>
  </datafield>
  <datafield tag="952" ind1=" " ind2=" ">
    <subfield code="1">0</subfield>
    <subfield code="2">lcc</subfield>
    <subfield code="4">0</subfield>
    <subfield code="7">0</subfield>
    <subfield code="a">BCLC</subfield>
    <subfield code="b">BCLC</subfield>
    <subfield code="c">GENERAL</subfield>
    <subfield code="d">2012-11-08</subfield>
    <subfield code="e">PIFI 2010</subfield>
    <subfield code="k">Ciencias sociales y administrativas</subfield>
    <subfield code="o">JL1202 A34 2012</subfield>
    <subfield code="p">BCLC000001156</subfield>
    <subfield code="r">2015-01-16 00:00:00</subfield>
    <subfield code="t">2</subfield>
    <subfield code="y">LIB</subfield>
  </datafield>
  <datafield tag="952" ind1=" " ind2=" ">
    <subfield code="1">0</subfield>
    <subfield code="2">lcc</subfield>
    <subfield code="4">0</subfield>
    <subfield code="7">0</subfield>
    <subfield code="a">BCLC</subfield>
    <subfield code="b">BCLC</subfield>
    <subfield code="c">GENERAL</subfield>
    <subfield code="d">2012-11-08</subfield>
    <subfield code="e">PIFI 2010</subfield>
    <subfield code="k">Ciencias sociales y administrativas</subfield>
    <subfield code="o">JL1202 A34 2012</subfield>
    <subfield code="p">BCLC000001157</subfield>
    <subfield code="r">2015-01-16 00:00:00</subfield>
    <subfield code="t">3</subfield>
    <subfield code="y">LIB</subfield>
  </datafield>
  <datafield tag="952" ind1=" " ind2=" ">
    <subfield code="1">0</subfield>
    <subfield code="2">lcc</subfield>
    <subfield code="4">0</subfield>
    <subfield code="7">0</subfield>
    <subfield code="a">BCLC</subfield>
    <subfield code="b">BCLC</subfield>
    <subfield code="c">GENERAL</subfield>
    <subfield code="d">2012-11-08</subfield>
    <subfield code="e">PIFI 2010</subfield>
    <subfield code="k">Ciencias sociales y administrativas</subfield>
    <subfield code="o">JL1202 A34 2012</subfield>
    <subfield code="p">BCLC000001158</subfield>
    <subfield code="r">2015-01-16 00:00:00</subfield>
    <subfield code="t">4</subfield>
    <subfield code="y">LIB</subfield>
  </datafield>
</record>
